[Event "Titled Tuesday intern op 13th Feb Late"]
[Site "Chess.com INT"]
[Date "2024.02.13"]
[Round "1"]
[White "Federzoni, Enzo"]
[Black "Kobo, Ori"]
[Result "1/2-1/2"]
[WhiteElo "2156"]
[BlackElo "2530"]
[PlyCount "65"]
[EventDate "2024.02.13"]
[EventType "swiss (blitz)"]
[EventRounds "11"]
[EventCountry "USA"]
[SourceTitle "CB08_2024"]
[SourceDate "2024.02.21"]
[SourceVersion "1"]
[SourceVersionDate "2024.02.21"]
[SourceQuality "1"]

1. e4 Nc6 2. Nf3 d6 3. d4 Nf6 4. Nc3 g6 5. Bc4 Bg7 6. h3 0-0 7. 0-0 Nxe4 8. Nxe4 d5 9. Bd3 dxe4 10. Bxe4 Nxd4 11. Nxd4 Qxd4 12. Qf3 c6 13. c3 Qf6 14. Qe2 Bf5 15. Bxf5 gxf5 16. Be3 e5 17. f3 Rfd8 18. Kh1 Qe6 19. b3 Rd7 20. Rad1 b6 21. Rxd7 Qxd7 22. Rd1 Qe6 23. Rd2 e4 24. fxe4 fxe4 25. c4 Re8 26. Qd1 Be5 27. Rd7 Bb8 28. Qh5 Qxd7 29. Qg5+ Kh8 30. Qf6+ Kg8 31. Qg5+ Kf8 32. Qh6+ Kg8 33. Qg5+ 1/2-1/2

[Event "Titled Tuesday intern op 13th Feb Late"]
[Site "Chess.com INT"]
[Date "2024.02.13"]
[Round "4"]
[White "Kobo, Ori"]
[Black "Lopusiewicz, Piotr"]
[Result "1-0"]
[WhiteElo "2530"]
[BlackElo "2301"]
[PlyCount "46"]
[EventDate "2024.02.13"]
[EventType "swiss (blitz)"]
[EventRounds "11"]
[EventCountry "USA"]
[SourceTitle "CB08_2024"]
[SourceDate "2024.02.21"]
[SourceVersion "1"]
[SourceVersionDate "2024.02.21"]
[SourceQuality "1"]

1. d4 Nf6 2. Nf3 d5 3. e3 c5 4. Bb5+ Nbd7 5. 0-0 Qc7 6. c4 dxc4 7. d5 a6 8. Bxc4 b5 9. Be2 Bb7 10. a4 b4 11. e4 Nxe4 12. Re1 Ndf6 13. Bc4 Nd6 14. Bf4 Qd8 15. Nbd2 Nxc4 16. Nxc4 Bxd5 17. Nd6+ Kd7 18. Nxf7 Qe8 19. N3e5+ Kc8 20. Nxh8 e6 21. Nhf7 Kb7 22. Rc1 Rc8 23. Bg3 Qxa4 1-0

[Event "Titled Tuesday intern op 13th Feb Late"]
[Site "Chess.com INT"]
[Date "2024.02.13"]
[Round "7"]
[White "Vlassov, Nikolai"]
[Black "Kobo, Ori"]
[Result "1-0"]
[WhiteElo "2299"]
[BlackElo "2530"]
[PlyCount "97"]
[EventDate "2024.02.13"]
[EventType "swiss (blitz)"]
[EventRounds "11"]
[EventCountry "USA"]
[SourceTitle "CB08_2024"]
[SourceDate "2024.02.21"]
[SourceVersion "1"]
[SourceVersionDate "2024.02.21"]
[SourceQuality "1"]

1. e4 Nc6 2. d4 d5 3. e5 Bf5 4. c3 e6 5. Be3 f6 6. f4 Qd7 7. Nd2 h5 8. Ngf3 Nge7 9. Bb5 a6 10. Ba4 b5 11. Bb3 Na5 12. 0-0 Nc4 13. Nxc4 dxc4 14. Bc2 Bxc2 15. Qxc2 Nd5 16. Rae1 f5 17. b3 Qc6 18. bxc4 Qxc4 19. Ng5 Kd7 20. Bd2 Be7 21. Nh3 a5 22. Rf3 h4 23. Nf2 Rhb8 24. Nd1 Nb4 25. Qb1 Qxa2 26. Qxa2 Nxa2 27. d5 exd5 28. Ne3 b4 29. Nxd5 Bc5+ 30. Kf1 Kc6 31. c4 b3 32. Rb1 a4 33. e6 Nb4 34. Nxb4+ Bxb4 35. Ke2 Bxd2 36. Kxd2 Re8 37. Re3 Rad8+ 38. Kc3 Rd6 39. Rbe1 Rdd8 40. Kb4 Ra8 41. Ka3 Kc5 42. Re5+ Kxc4 43. Rc1+ Kd4 44. Rxc7 g6 45. Rd7+ Kc4 46. e7 Rab8 47. Rc7+ Kd4 48. Rd7+ Kc3 49. Rc5# 1-0

[Event "Titled Tuesday intern op 06th Feb Early"]
[Site "Chess.com INT"]
[Date "2024.02.06"]
[Round "6"]
[White "Martinez Pla, Xavier"]
[Black "Kobo, Ori"]
[Result "0-1"]
[WhiteElo "2247"]
[BlackElo "2530"]
[PlyCount "134"]
[EventDate "2024.02.06"]
[EventType "swiss (blitz)"]
[EventRounds "11"]
[EventCountry "USA"]
[SourceTitle "CB07_2024"]
[SourceDate "2024.02.14"]
[SourceVersion "1"]
[SourceVersionDate "2024.02.14"]
[SourceQuality "1"]

1. e4 Nc6 2. Nf3 d6 3. d4 Nf6 4. Nc3 g6 5. Be2 Bg7 6. Bg5 0-0 7. Qd2 Bg4 8. Bh6 Bxh6 9. Qxh6 Bxf3 10. gxf3 Nxd4 11. 0-0-0 e5 12. Rhg1 Kh8 13. f4 Ng8 14. Qh3 Nxe2+ 15. Nxe2 Qf6 16. fxe5 Qxe5 17. Qd3 Rae8 18. f3 f5 19. Nc3 fxe4 20. fxe4 Nf6 21. Rde1 Nh5 22. Qc4 c6 23. Qb4 Re7 24. Rd1 Rf6 25. a4 Kg7 26. Kb1 Rfe6 27. h4 Nf6 28. Rg5 Qf4 29. Qd4 c5 30. Qc4 Qxh4 31. Rgg1 Qf4 32. Rdf1 Qe5 33. Re1 Qd4 34. Qb5 Qb4 35. Qd3 Qd4 36. Qb5 Nxe4 37. Nxe4 Rxe4 38. Rd1 Qe5 39. Qf1 Rb4 40. c3 Qe4+ 41. Kc1 Rxa4 42. Qf2 Ra1+ 43. Kd2 Rxd1+ 44. Rxd1 Rf7 45. Qg3 Qf4+ 46. Qxf4 Rxf4 47. Ke3 Rf6 48. b4 cxb4 49. cxb4 a6 50. b5 axb5 51. Rb1 Rf5 52. Rc1 Rc5 53. Rd1 Rc6 54. Kd4 g5 55. Kd5 Kg6 56. Rb1 h5 57. Rf1 h4 58. Ke6 Rc2 59. Rf8 Re2+ 60. Kxd6 h3 61. Rb8 h2 62. Rh8 g4 63. Kd5 g3 64. Kd4 g2 65. Kd3 Rf2 66. Ke3 g1Q 67. Rg8+ Kf7 0-1

[Event "Titled Tuesday intern op 06th Feb Early"]
[Site "Chess.com INT"]
[Date "2024.02.06"]
[Round "8"]
[White "Santos Flores, Alberto Javier"]
[Black "Kobo, Ori"]
[Result "0-1"]
[WhiteElo "2183"]
[BlackElo "2530"]
[PlyCount "102"]
[EventDate "2024.02.06"]
[EventType "swiss (blitz)"]
[EventRounds "11"]
[EventCountry "USA"]
[SourceTitle "CB07_2024"]
[SourceDate "2024.02.14"]
[SourceVersion "1"]
[SourceVersionDate "2024.02.14"]
[SourceQuality "1"]

1. e4 Nc6 2. Nf3 d6 3. d4 Nf6 4. Nc3 g6 5. Be3 Bg7 6. Qd2 0-0 7. Bh6 e5 8. d5 Ne7 9. h4 Bxh6 10. Qxh6 Ng4 11. Qd2 h5 12. Be2 Kg7 13. Ng5 f6 14. Ne6+ Bxe6 15. dxe6 f5 16. exf5 Rxf5 17. Bxg4 hxg4 18. 0-0-0 Qf8 19. Rhf1 Rd8 20. Ne4 Rf4 21. Ng5 Qf5 22. g3 Rd4 23. Qe2 Rxd1+ 24. Rxd1 Rf8 25. Rd2 Nc6 26. c3 a6 27. Qe4 Qxe4 28. Nxe4 Re8 29. Ng5 Nd8 30. Re2 Nxe6 31. Nxe6+ Rxe6 32. Kd2 d5 33. Ke1 Kf6 34. Rd2 Rd6 35. Re2 Kf5 36. Kf1 c5 37. Ke1 e4 38. Rd2 Ke5 39. Ke2 b5 40. Rc2 a5 41. b3 Rf6 42. b4 axb4 43. cxb4 c4 44. a4 bxa4 45. Ra2 Ra6 46. b5 Rb6 47. Rxa4 Rxb5 48. Ra6 Rb2+ 49. Ke1 c3 50. Rxg6 Rb1+ 51. Ke2 c2 0-1

[Event "Titled Tuesday intern op 06th Feb Early"]
[Site "Chess.com INT"]
[Date "2024.02.06"]
[Round "1"]
[White "Su, Dion"]
[Black "Kobo, Ori"]
[Result "0-1"]
[WhiteElo "1922"]
[BlackElo "2530"]
[PlyCount "52"]
[EventDate "2024.02.06"]
[EventType "swiss (blitz)"]
[EventRounds "11"]
[EventCountry "USA"]
[SourceTitle "CB07_2024"]
[SourceDate "2024.02.14"]
[SourceVersion "1"]
[SourceVersionDate "2024.02.14"]
[SourceQuality "1"]

1. e4 Nc6 2. d4 d5 3. e5 Bf5 4. Nf3 e6 5. Bb5 Nge7 6. 0-0 a6 7. Bd3 h5 8. c3 Qd7 9. b4 Bxd3 10. Qxd3 Nf5 11. a4 Be7 12. Nbd2 f6 13. exf6 Bxf6 14. Nb3 b6 15. Re1 0-0 16. Bf4 Nd6 17. Ne5 Bxe5 18. Bxe5 Nc4 19. Bg3 a5 20. b5 Ne7 21. Qe2 Rf6 22. Qxh5 Nf5 23. Be5 Rh6 24. Qg4 Rf8 25. Ra2 Qf7 26. Rae2 Rg6 0-1

[Event "ISR-ch op"]
[Site "Acre"]
[Date "2024.01.27"]
[Round "7"]
[White "Gavriely, Or"]
[Black "Kobo, Ori"]
[Result "1/2-1/2"]
[WhiteElo "2106"]
[BlackElo "2541"]
[PlyCount "92"]
[EventDate "2024.01.21"]
[EventType "swiss"]
[EventRounds "9"]
[EventCountry "ISR"]
[SourceTitle "CB05_2024"]
[SourceDate "2024.01.31"]
[SourceVersion "1"]
[SourceVersionDate "2024.01.31"]
[SourceQuality "1"]

1. d4 Nf6 2. Nf3 d6 3. g3 g6 4. Bg2 Bg7 5. 0-0 0-0 6. Nbd2 Nc6 7. e4 Bg4 8. c3 e5 9. Qb3 exd4 10. Nxd4 Nd7 11. Nxc6 bxc6 12. Nf3 c5 13. Qc2 a5 14. h3 Be6 15. Re1 a4 16. Bf4 h6 17. h4 Rb8 18. Re2 a3 19. b3 Bg4 20. Ree1 Bxf3 21. Bxf3 Qf6 22. Bg4 Ne5 23. Be2 Kh7 24. Kg2 Rfe8 25. Rad1 h5 26. Bg5 Qe6 27. Bc1 c4 28. b4 Nd3 29. Bxd3 cxd3 30. Rxd3 Qc4 31. Qe2 c5 32. Rf3 Qe6 33. bxc5 dxc5 34. Bxa3 Rec8 35. Rd1 Ra8 36. c4 Bd4 37. Bc1 f5 38. Re1 Re8 39. Qc2 Qc6 40. Rf4 Be5 41. Rf3 Bd4 42. Rf4 Ra4 43. a3 Be5 44. Rf3 Bd4 45. Rf4 Be5 46. Rf3 Bd4 1/2-1/2

[Event "ISR-ch op"]
[Site "Acre"]
[Date "2024.01.22"]
[Round "2"]
[White "Kobo, Ori"]
[Black "Iliaguev, Daniel"]
[Result "1-0"]
[WhiteElo "2541"]
[BlackElo "2153"]
[PlyCount "53"]
[EventDate "2024.01.21"]
[EventType "swiss"]
[EventRounds "9"]
[EventCountry "ISR"]
[SourceTitle "CB05_2024"]
[SourceDate "2024.01.31"]
[SourceVersion "1"]
[SourceVersionDate "2024.01.31"]
[SourceQuality "1"]

1. Nf3 d5 2. g3 Nd7 3. d4 e6 4. Bg2 b5 5. a4 b4 6. c4 bxc3 7. Nxc3 Ngf6 8. 0-0 Ba6 9. Bf4 c6 10. Qc2 Rc8 11. Rfd1 Bb4 12. Ne1 c5 13. Nd3 Bxd3 14. Qxd3 cxd4 15. Nb5 e5 16. Bd2 Bxd2 17. Nd6+ Ke7 18. Nxc8+ Qxc8 19. Qxd2 Qc5 20. Rac1 Qd6 21. f4 exf4 22. Qxf4 Qxf4 23. gxf4 Rb8 24. Rxd4 Rxb2 25. Bxd5 Rxe2 26. Rc7 Kd6 27. Rxd7+ 1-0

[Event "Groningen op 59th"]
[Site "Groningen"]
[Date "2023.12.30"]
[Round "9"]
[White "De Boer, Eelke"]
[Black "Kobo, Ori"]
[Result "0-1"]
[WhiteElo "2346"]
[BlackElo "2541"]
[PlyCount "56"]
[EventDate "2023.12.21"]
[EventType "swiss"]
[EventRounds "9"]
[EventCountry "NED"]
[SourceTitle "CB04_2024"]
[SourceDate "2023.10.16"]
[SourceVersion "1"]
[SourceVersionDate "2023.10.16"]
[SourceQuality "1"]

1. e4 e5 2. Nf3 Nc6 3. Bc4 Bc5 4. c3 Nf6 5. d4 exd4 6. e5 d5 7. Bb5 Ne4 8. cxd4 Bb6 9. Nc3 0-0 10. Be3 Bg4 11. h3 Bh5 12. Qc2 Nb4 13. Qb3 Ba5 14. 0-0 c5 15. dxc5 Bxf3 16. gxf3 Ng5 17. Kg2 d4 18. Rad1 Ne6 19. a3 Nxc5 20. Qc4 Nc2 21. Bc1 Rc8 22. Ne2 Ne1+ 23. Rfxe1 Bxe1 24. Nxd4 Ne6 25. Qa4 Rxc1 26. Rxc1 Qg5+ 27. Kf1 Qxc1 28. Nb3 Qb1 0-1

[Event "Groningen op 59th"]
[Site "Groningen"]
[Date "2023.12.27"]
[Round "6"]
[White "Kobo, Ori"]
[Black "Palchuk, Andrii"]
[Result "1/2-1/2"]
[WhiteElo "2541"]
[BlackElo "2328"]
[PlyCount "78"]
[EventDate "2023.12.21"]
[EventType "swiss"]
[EventRounds "9"]
[EventCountry "NED"]
[SourceTitle "CB04_2024"]
[SourceDate "2023.10.16"]
[SourceVersion "1"]
[SourceVersionDate "2023.10.16"]
[SourceQuality "1"]

1. c4 c5 2. Nf3 Nc6 3. e3 Nf6 4. Nc3 e6 5. d4 d5 6. cxd5 exd5 7. Bb5 cxd4 8. exd4 Be7 9. Ne5 Bd7 10. 0-0 0-0 11. Re1 a6 12. Ba4 Rc8 13. Bg5 Be6 14. Bxc6 bxc6 15. Na4 h6 16. Bxf6 Bxf6 17. Nc5 Re8 18. Rc1 Qb6 19. Qb3 Qxb3 20. Nxb3 Bf5 21. f4 g5 22. Rf1 gxf4 23. Rxf4 Bxe5 24. Rxf5 Bg7 25. Kf1 Re4 26. Rxd5 Rf4+ 27. Kg1 Re8 28. Rdc5 Bxd4+ 29. Nxd4 Rxd4 30. Rxc6 Re2 31. R6c2 Rd1+ 32. Rxd1 Rxc2 33. Rd8+ Kg7 34. Rb8 a5 35. a4 h5 36. h4 f5 37. Rb5 Kg6 38. g3 Kf6 39. Kf1 Ke6 1/2-1/2

[Event "EU-chT 24th"]
[Site "Budva"]
[Date "2023.11.13"]
[Round "3.5"]
[White "Warmerdam, Max"]
[Black "Kobo, Ori"]
[Result "1-0"]
[WhiteElo "2638"]
[BlackElo "2556"]
[PlyCount "123"]
[EventDate "2023.11.11"]
[EventType "team-swiss"]
[EventRounds "9"]
[EventCountry "MNE"]
[SourceTitle "CB47_2023"]
[SourceDate "2023.11.22"]
[SourceVersion "1"]
[SourceVersionDate "2023.11.22"]
[SourceQuality "1"]
[WhiteTeam "Netherlands"]
[BlackTeam "Israel"]
[WhiteTeamCountry "NED"]
[BlackTeamCountry "ISR"]

1. Nf3 Nf6 2. c4 e6 3. g3 d5 4. Bg2 d4 5. 0-0 Nc6 6. d3 Bc5 7. Nbd2 Be7 8. Nb3 0-0 9. e3 dxe3 10. Bxe3 Ng4 11. Bc5 Bxc5 12. Nxc5 b6 13. Nh4 Nge5 14. d4 Nxd4 15. Nb3 Nxb3 16. axb3 Rb8 17. Qe2 f6 18. Rxa7 Qe7 19. Be4 Rd8 20. Nf3 Nf7 21. Rfa1 Qd7 22. Bc2 Nd6 23. Nd4 e5 24. Nb5 Nxb5 25. cxb5 Qg4 26. Qxg4 Bxg4 27. Rxc7 Rbc8 28. Rxc8 Rxc8 29. Be4 Rd8 30. f3 Bh3 31. Kf2 f5 32. Bc6 Rd2+ 33. Ke3 Rxb2 34. Bd5+ Kf8 35. Ra6 Rc2 36. Kd3 Rxh2 37. Rxb6 Bf1+ 38. Kc3 Ke7 39. Re6+ Kd7 40. b6 Ba6 41. Rxe5 Kd6 42. f4 Rh3 43. b7 Rxg3+ 44. Kc2 Bxb7 45. Bxb7 g6 46. Re2 Kc5 47. Rh2 Rg4 48. Rxh7 Rxf4 49. Kc3 Rg4 50. Rc7+ Kb6 51. Rf7 Kc5 52. Bc8 Rg3+ 53. Kb2 Kb4 54. Rb7+ Kc5 55. Rf7 Kb4 56. Rb7+ Kc5 57. Rc7+ Kb6 58. Rf7 Kc5 59. Ka3 Kb5 60. Rf6 Rg4 61. Bd7+ Ka5 62. Be8 1-0

[Event "EU-chT 24th"]
[Site "Budva"]
[Date "2023.11.11"]
[Round "1.15"]
[White "Kobo, Ori"]
[Black "Sukovic, Andrej"]
[Result "1-0"]
[WhiteElo "2556"]
[BlackElo "2382"]
[PlyCount "81"]
[EventDate "2023.11.11"]
[EventType "team-swiss"]
[EventRounds "9"]
[EventCountry "MNE"]
[SourceTitle "CB47_2023"]
[SourceDate "2023.11.22"]
[SourceVersion "1"]
[SourceVersionDate "2023.11.22"]
[SourceQuality "1"]
[WhiteTeam "Israel"]
[BlackTeam "Montenegro Youth II"]
[WhiteTeamCountry "ISR"]
[BlackTeamCountry "MNE"]

1. e4 e6 2. d4 d5 3. e5 c5 4. c3 Nc6 5. Nf3 Bd7 6. Be2 Nge7 7. 0-0 cxd4 8. cxd4 Nf5 9. Nc3 a6 10. Kh1 Be7 11. Bd3 Nh4 12. Nxh4 Bxh4 13. Be3 h5 14. Rc1 Be7 15. a3 Rc8 16. b4 b5 17. Nb1 a5 18. Bxb5 Nxe5 19. Rxc8 Qxc8 20. Bxd7+ Nxd7 21. bxa5 Qa6 22. Bd2 0-0 23. Kg1 Nf6 24. Qb3 Ra8 25. Bb4 Bd8 26. Nd2 Bxa5 27. Nf3 Ne4 28. h3 Bb6 29. Rc1 Qa7 30. Rd1 Rc8 31. Be1 Rc4 32. Ne5 Rxd4 33. Rb1 Qc7 34. Nf3 Bc5 35. Nxd4 Bxd4 36. Qb8+ Qxb8 37. Rxb8+ Kh7 38. a4 Nc5 39. a5 Nd3 40. Rb1 Nc5 41. Bd2 1-0

[Event "Titled Tuesday intern op 24th Oct Late"]
[Site "Chess.com INT"]
[Date "2023.10.24"]
[Round "4"]
[White "Kobo, Ori"]
[Black "Nasir, Zehn"]
[Result "1-0"]
[WhiteElo "2551"]
[BlackElo "2057"]
[PlyCount "63"]
[EventDate "2023.10.24"]
[EventType "swiss (blitz)"]
[EventRounds "11"]
[EventCountry "USA"]
[SourceTitle "Mega2024 Update 01"]
[Source "Chessbase"]
[SourceDate "2023.11.12"]
[SourceVersion "1"]
[SourceVersionDate "2023.11.12"]
[SourceQuality "1"]

1. c4 f5 2. g3 Nf6 3. Bg2 e5 4. Nc3 Be7 5. e3 0-0 6. Nge2 Nc6 7. d4 d6 8. Rb1 a5 9. a3 Kh8 10. b4 axb4 11. axb4 Qe8 12. b5 Na5 13. c5 exd4 14. cxd6 Bxd6 15. Nxd4 f4 16. 0-0 fxg3 17. fxg3 Bg4 18. Qd3 Qh5 19. Bd2 Bd7 20. Bf3 Ng4 21. Qe2 Rae8 22. Ne4 Rxf3 23. Rxf3 Rxe4 24. Bxa5 Qg6 25. Rbf1 h5 26. Bd2 Bc5 27. Qc4 b6 28. Rf8+ Bxf8 29. Rxf8+ Kh7 30. Qg8+ Kh6 31. Nf3 Re8 32. e4+ 1-0

[Event "Titled Tuesday intern op 24th Oct Late"]
[Site "Chess.com INT"]
[Date "2023.10.24"]
[Round "3"]
[White "Skatchkov, Valery"]
[Black "Kobo, Ori"]
[Result "1/2-1/2"]
[WhiteElo "2213"]
[BlackElo "2551"]
[PlyCount "124"]
[EventDate "2023.10.24"]
[EventType "swiss (blitz)"]
[EventRounds "11"]
[EventCountry "USA"]
[SourceTitle "Mega2024 Update 01"]
[Source "Chessbase"]
[SourceDate "2023.11.12"]
[SourceVersion "1"]
[SourceVersionDate "2023.11.12"]
[SourceQuality "1"]

1. d4 Nf6 2. c4 g6 3. Nc3 Bg7 4. e4 d6 5. h3 Nbd7 6. Bd3 e5 7. d5 Nc5 8. Bc2 a5 9. g4 0-0 10. Nge2 c6 11. Be3 cxd5 12. cxd5 Bd7 13. a3 b5 14. b4 Na6 15. Rb1 Qc7 16. Bd3 axb4 17. axb4 Qb7 18. 0-0 Rfc8 19. Qb3 h5 20. f3 Nc7 21. Ra1 Be8 22. Rfb1 hxg4 23. hxg4 Nd7 24. Ra5 Rxa5 25. bxa5 Nc5 26. Bxc5 dxc5 27. Nxb5 c4 28. Bxc4 Bxb5 29. Bxb5 Rb8 30. Nc3 Qa7+ 31. Kg2 Qxa5 32. Rb2 Bf8 33. Qc4 Ne8 34. Ra2 Qd8 35. Bc6 Nd6 36. Qd3 Qg5 37. Ne2 Rb4 38. Qd2 Qxd2 39. Rxd2 Nc4 40. Rd3 Kg7 41. Rc3 Bd6 42. Nc1 Na5 43. Nd3 Rb6 44. Ba4 Kf6 45. Kf2 Nb7 46. Ke2 Na5 47. Kd2 Nb7 48. Kc2 Ke7 49. Bc6 Na5 50. Ba4 Nb7 51. Rb3 Rxb3 52. Kxb3 Nc5+ 53. Nxc5 Bxc5 54. Kc4 Bd6 55. Kb5 Ba3 56. Kc6 Bd6 57. Bb5 g5 58. Ba6 f6 59. Bc8 Ba3 60. Bf5 Bd6 61. Kb7 Ba3 62. Kc8 Bd6 1/2-1/2

[Event "EU-Cup 38th"]
[Site "Durres"]
[Date "2023.10.07"]
[Round "7.2"]
[White "Kobo, Ori"]
[Black "Seo, Jung Min"]
[Result "1/2-1/2"]
[WhiteElo "2551"]
[BlackElo "2466"]
[PlyCount "80"]
[EventDate "2023.10.01"]
[EventType "team-swiss"]
[EventRounds "7"]
[EventCountry "ALB"]
[SourceTitle "EXT 2024"]
[Source "ChessBase"]
[SourceDate "2023.10.10"]
[SourceVersion "1"]
[SourceVersionDate "2023.10.10"]
[SourceQuality "1"]
[WhiteTeam "Beer Sheva"]
[BlackTeam "Umea Rockaden"]
[WhiteTeamCountry "ISR"]
[BlackTeamCountry "SWE"]

1. Nf3 Nf6 2. c4 e6 3. g3 d5 4. d4 Bb4+ 5. Bd2 Be7 6. Bg2 0-0 7. Qc2 Nbd7 8. 0-0 c6 9. Rd1 b6 10. Ne5 Nxe5 11. dxe5 Ng4 12. cxd5 cxd5 13. e4 Bc5 14. Be1 d4 15. b4 Be7 16. h3 Nxe5 17. f4 Ng6 18. e5 Rb8 19. Na3 Ba6 20. Qe4 Bb7 21. Qxd4 Bxg2 22. Qxd8 Rfxd8 23. Kxg2 a5 24. Rxd8+ Rxd8 25. Rb1 axb4 26. Bxb4 Bxb4 27. Rxb4 Rd2+ 28. Kg1 Rxa2 29. Nc4 h5 30. h4 Ne7 31. Rxb6 Nf5 32. Rb3 Kh7 33. Rd3 Kg6 34. Nd6 Re2 35. Kf1 Ra2 36. Nxf5 Kxf5 37. Rd7 Kg6 38. Re7 Ra1+ 39. Kg2 Ra2+ 40. Kf3 Ra3+ 1/2-1/2

[Event "EU-Cup 38th"]
[Site "Durres"]
[Date "2023.10.02"]
[Round "2.2"]
[White "Kobo, Ori"]
[Black "Pallardo Lozoya, Jose Vicente"]
[Result "1-0"]
[WhiteElo "2551"]
[BlackElo "2371"]
[PlyCount "123"]
[EventDate "2023.10.01"]
[EventType "team-swiss"]
[EventRounds "7"]
[EventCountry "ALB"]
[SourceTitle "EXT 2024"]
[Source "ChessBase"]
[SourceDate "2023.10.10"]
[SourceVersion "1"]
[SourceVersionDate "2023.10.10"]
[SourceQuality "1"]
[WhiteTeam "Beer Sheva"]
[BlackTeam "Paterna Andreu"]
[WhiteTeamCountry "ISR"]
[BlackTeamCountry "ESP"]

1. Nf3 d5 2. g3 Nf6 3. Bg2 c6 4. 0-0 Bg4 5. d3 Nbd7 6. h3 Bh5 7. Qe1 e6 8. e4 a5 9. Nh4 dxe4 10. dxe4 Bc5 11. Kh1 e5 12. f4 exf4 13. gxf4 0-0 14. Nc3 Re8 15. e5 Bg6 16. Nxg6 hxg6 17. Bf3 g5 18. Qg3 Nh7 19. Ne4 Qe7 20. fxg5 Nxe5 21. Bg2 Ng6 22. Bd2 Bd4 23. Rae1 Be5 24. Qf2 Qd7 25. Be3 f6 26. Rd1 Qc7 27. Qe2 Nh4 28. gxf6 Nxf6 29. Rxf6 Bxf6 30. Nxf6+ gxf6 31. Qc4+ Kg7 32. Qg4+ Ng6 33. Rd7+ Qxd7 34. Qxd7+ Re7 35. Qd3 Rae8 36. Bc5 Re1+ 37. Kh2 R1e2 38. Qd7+ Kh6 39. Bd6 R8e4 40. Qd8 Rxc2 41. Qxf6 Kh7 42. Qf7+ Kh6 43. Kg3 Rd4 44. Bf8+ Kg5 45. h4+ Nxh4 46. Be7+ Kh6 47. Bxh4 Rxg2+ 48. Kxg2 Rxh4 49. Qxb7 Rc4 50. Qb3 Rb4 51. Qe6+ Kg5 52. Qe5+ Kg4 53. b3 a4 54. Qe6+ Kh5 55. Qf7+ Kg4 56. Qg6+ Kh4 57. Qg3+ Kh5 58. Qe5+ Kg4 59. Qe2+ Kf5 60. Qc2+ Kg4 61. bxa4 c5 62. a5 1-0

[Event "AI Cup Div 3 L"]
[Site "Chess.com INT"]
[Date "2023.09.25"]
[Round "1.1"]
[White "Chigaev, Maksim"]
[Black "Kobo, Ori"]
[Result "1-0"]
[WhiteElo "2615"]
[BlackElo "2551"]
[PlyCount "61"]
[EventDate "2023.09.25"]
[EventType "k.o. (rapid)"]
[EventRounds "8"]
[EventCountry "USA"]
[SourceTitle "EXT 2024"]
[Source "ChessBase"]
[SourceDate "2023.10.10"]
[SourceVersion "1"]
[SourceVersionDate "2023.10.10"]
[SourceQuality "1"]

1. e4 e6 2. d3 d5 3. Nd2 c5 4. Ngf3 Bd6 5. g3 Nc6 6. Bg2 Nge7 7. 0-0 0-0 8. Re1 Qc7 9. c3 Bd7 10. Qe2 f6 11. h4 b5 12. h5 d4 13. h6 g6 14. e5 fxe5 15. Ne4 dxc3 16. bxc3 b4 17. cxb4 cxb4 18. Bb2 Nf5 19. Nxd6 Qxd6 20. Nxe5 Nfd4 21. Bxd4 Nxd4 22. Qb2 Rac8 23. Nc4 Rxc4 24. dxc4 e5 25. Bd5+ Kh8 26. f4 Qc5 27. Rxe5 Ne2+ 28. Kg2 Nc3 29. Qf2 Qxf2+ 30. Kxf2 a5 31. Re7 1-0

[Event "AI Cup Div 3 L"]
[Site "Chess.com INT"]
[Date "2023.09.25"]
[Round "1.2"]
[White "Kobo, Ori"]
[Black "Chigaev, Maksim"]
[Result "1/2-1/2"]
[WhiteElo "2551"]
[BlackElo "2615"]
[PlyCount "120"]
[EventDate "2023.09.25"]
[EventType "k.o. (rapid)"]
[EventRounds "8"]
[EventCountry "USA"]
[SourceTitle "EXT 2024"]
[Source "ChessBase"]
[SourceDate "2023.10.10"]
[SourceVersion "1"]
[SourceVersionDate "2023.10.10"]
[SourceQuality "1"]

1. e4 e5 2. Nf3 Nc6 3. Bb5 a6 4. Ba4 Nf6 5. 0-0 Be7 6. d3 d6 7. c3 0-0 8. Re1 Re8 9. h3 h6 10. Nbd2 Bf8 11. Nf1 b5 12. Bc2 d5 13. exd5 Qxd5 14. a4 Bb7 15. Ng3 b4 16. a5 Rad8 17. Qe2 b3 18. Bb1 Qb5 19. Bd2 Bc8 20. Qf1 Be6 21. Be3 Qb7 22. Ne4 Be7 23. Nc5 Bxc5 24. Bxc5 Bf5 25. d4 Bxb1 26. Raxb1 exd4 27. Nxd4 Nxa5 28. Be7 Rxd4 29. cxd4 Nd5 30. Bc5 Rxe1 31. Rxe1 Qb5 32. Ra1 Qxf1+ 33. Kxf1 Nc4 34. Rxa6 Nxb2 35. Ra8+ Kh7 36. Rb8 Nc4 37. Ke2 b2 38. Kd3 Ndb6 39. Kc2 Na4 40. Rb7 Kg6 41. Bb4 c6 42. Rc7 Kf5 43. Rxc6 Nab6 44. f3 f6 45. Bc5 Nd5 46. Bf8 g5 47. g4+ Kf4 48. Rxc4 Ne3+ 49. Kxb2 Nxc4+ 50. Kc3 Ne3 51. Bxh6 Kxf3 52. Kd3 Nd5 53. Kc4 Ke4 54. Bg7 f5 55. gxf5 Ne3+ 56. Kc5 Nxf5 57. Bf6 g4 58. hxg4 Nxd4 59. Bxd4 Kf4 60. g5 Kxg5 1/2-1/2

[Event "AI Cup Div 3 W"]
[Site "Chess.com INT"]
[Date "2023.09.25"]
[Round "1.2"]
[White "Kobo, Ori"]
[Black "Tomashevsky, Evgeny"]
[Result "0-1"]
[WhiteElo "2551"]
[BlackElo "2694"]
[PlyCount "70"]
[EventDate "2023.09.25"]
[EventType "k.o. (rapid)"]
[EventRounds "7"]
[EventCountry "USA"]
[SourceTitle "EXT 2024"]
[Source "ChessBase"]
[SourceDate "2023.10.10"]
[SourceVersion "1"]
[SourceVersionDate "2023.10.10"]
[SourceQuality "1"]

1. e4 e5 2. Nf3 Nc6 3. Bb5 a6 4. Ba4 Nf6 5. 0-0 Be7 6. d3 b5 7. Bb3 d6 8. a3 0-0 9. Nc3 h6 10. Be3 Re8 11. a4 b4 12. Nd5 Na5 13. Nxb4 Rb8 14. Nd5 Nxb3 15. Nxe7+ Qxe7 16. cxb3 Bg4 17. Rc1 c5 18. Rc3 Qe6 19. h3 Bh5 20. Kh2 Rb7 21. Rg1 Bxf3 22. Qxf3 Reb8 23. g4 Rxb3 24. g5 hxg5 25. Bxg5 Ne8 26. Bc1 Rxc3 27. bxc3 c4 28. d4 Qf6 29. Qg3 exd4 30. Bg5 Qe5 31. Bf4 Qxe4 32. Bh6 Rb1 33. Rg2 Qe1 34. Qf3 Qh1+ 35. Kg3 Rg1 0-1

[Event "AI Cup Div 3 W"]
[Site "Chess.com INT"]
[Date "2023.09.25"]
[Round "1.1"]
[White "Tomashevsky, Evgeny"]
[Black "Kobo, Ori"]
[Result "1-0"]
[WhiteElo "2694"]
[BlackElo "2551"]
[PlyCount "65"]
[EventDate "2023.09.25"]
[EventType "k.o. (rapid)"]
[EventRounds "7"]
[EventCountry "USA"]
[SourceTitle "EXT 2024"]
[Source "ChessBase"]
[SourceDate "2023.10.10"]
[SourceVersion "1"]
[SourceVersionDate "2023.10.10"]
[SourceQuality "1"]

1. d4 Nf6 2. c4 g6 3. Nc3 Bg7 4. e4 d6 5. Nf3 0-0 6. Be2 e5 7. 0-0 b6 8. Re1 exd4 9. Nxd4 Bb7 10. Bd3 Nbd7 11. Bg5 h6 12. Bh4 Re8 13. Bc2 Ne5 14. b3 Qd7 15. Rc1 a6 16. Bb1 c5 17. Nf3 Nxf3+ 18. Qxf3 Ng4 19. Rcd1 Ne5 20. Qe3 b5 21. cxb5 axb5 22. h3 f5 23. f4 Nf7 24. Nd5 Bxd5 25. Rxd5 g5 26. Bf2 Bd4 27. Qd2 Bxf2+ 28. Qxf2 fxe4 29. Bxe4 Re7 30. fxg5 Nxg5 31. Rxg5+ hxg5 32. Bxa8 Rxe1+ 33. Qxe1 1-0